[Event "7. Arber-Open Bodenmais 2018"]
[Site "Bodenmais"]
[Date "2018.08.04"]
[Round "8.52"]
[White "Zametzer, Marcus"]
[Black "Schmied, Eva-Maria"]
[Result "0-1"]
[WhiteElo "1293"]
[BlackElo "1559"]
[PlyCount "30"]
[EventDate "2018.??.??"]
[WhiteTeam "SK Mangfalltal"]
[BlackTeam "SC Mpoe Maria Saal"]

1. e4 c5 2. Nf3 e6 3. d4 cxd4 4. Nxd4 Nf6 5. f3 Nc6 6. Nc3 Bb4 7. Qd3 O-O 8.
Bg5 Be7 9. Be3 d5 10. exd5 Nb4 11. Qd2 Nfxd5 12. a3 Nxe3 13. Qxe3 Qxd4 14. Qe2
Nc6 15. Rd1 Qe5 0-1

[Event "7. Arber-Open Bodenmais 2018"]
[Site "Bodenmais"]
[Date "2018.08.04"]
[Round "8.53"]
[White "Karayilan, Nilufer"]
[Black "Hildebrand, Georg"]
[Result "1-0"]
[WhiteElo "1326"]
[BlackElo "1462"]
[PlyCount "101"]
[EventDate "2018.??.??"]
[WhiteTeam "SV Doorn Driebergen"]
[BlackTeam "SK Marburg"]

1. d4 b6 2. e4 Bb7 3. Bd3 e6 4. Ne2 Be7 5. O-O h6 6. Be3 d6 7. Bb5+ c6 8. Bd3
Nd7 9. c3 Ngf6 10. f3 e5 11. Qd2 d5 12. Ng3 c5 13. Nf5 Bf8 14. dxe5 Nxe5 15.
Bc2 Bc6 16. Bf4 Nc4 17. Qc1 g5 18. exd5 Nxd5 19. Re1+ Ne7 20. Bg3 Rg8 21. b3
Bd7 22. Nxe7 Bxe7 23. bxc4 Be6 24. Be4 Rc8 25. Bb7 Rc7 26. Bxc7 Qxc7 27. Bd5
Rg6 28. Nd2 Bd6 29. g3 Bxg3 30. Re2 Bf4 31. Qc2 Kf8 32. Bxe6 Rg7 33. Qf5 g4 34.
fxg4 h5 35. h3 hxg4 36. hxg4 Kg8 37. Bd5 Rh7 38. Nf3 Bh2+ 39. Nxh2 Qg3+ 40. Rg2
Qxc3 41. Rf1 Qe3+ 42. Kh1 Rxh2+ 43. Kxh2 Qh6+ 44. Kg1 Qe3+ 45. Qf2 Qd4 46. Qxd4
cxd4 47. Rxf7 a6 48. Rf6+ Kg7 49. Rxb6 d3 50. Rxa6 d2 51. Rxd2 1-0

[Event "7. Arber-Open Bodenmais 2018"]
[Site "Bodenmais"]
[Date "2018.08.04"]
[Round "8.54"]
[White "Krawiec, Jan"]
[Black "Rempe, Lennik"]
[Result "1-0"]
[WhiteElo "1460"]
[BlackElo "1143"]
[PlyCount "55"]
[EventDate "2018.??.??"]
[WhiteTeam "SV Unser Fritz"]
[BlackTeam "SK Doppelbauer Kiel"]

1. e4 e5 2. Nf3 Nc6 3. Bc4 Nf6 4. d3 Be7 5. O-O O-O 6. Be3 d6 7. c3 Bg4 8. Nbd2
Na5 9. d4 Nxc4 10. Nxc4 c6 11. dxe5 dxe5 12. Ncxe5 Nxe4 13. Nxg4 f5 14. Nd4
fxg4 15. Qxg4 Qd5 16. Ne6 Rf7 17. Nc7 Qd6 18. Nxa8 Rf6 19. Qxe4 Rg6 20. Rad1
Qb8 21. Qxe7 Rh6 22. Rd8+ Qxd8 23. Qxd8+ Kf7 24. Bxh6 gxh6 25. Re1 c5 26. Qe7+
Kg8 27. Qd7 Kf8 28. Re8# 1-0

[Event "7. Arber-Open Bodenmais 2018"]
[Site "Bodenmais"]
[Date "2018.08.04"]
[Round "8.55"]
[White "Hedzic, Omer"]
[Black "Schwenke, Stefan"]
[Result "0-1"]
[WhiteElo "1470"]
[BlackElo "1748"]
[PlyCount "88"]
[EventDate "2018.??.??"]
[WhiteTeam "SC Bayerwald"]
[BlackTeam "vereinslos"]

1. e4 e6 2. b3 d5 3. e5 c5 4. c4 d4 5. d3 Nc6 6. Nf3 Qc7 7. Bf4 f6 8. Qe2 g5 9.
Bg3 g4 10. Nfd2 Nxe5 11. Bxe5 Qxe5 12. Na3 Qxe2+ 13. Bxe2 f5 14. Nc2 Nf6 15.
O-O-O Kf7 16. f3 h5 17. fxg4 hxg4 18. g3 Bd6 19. Rdg1 b6 20. Bf1 Bb7 21. Bg2
Bxg2 22. Rxg2 Rh3 23. Nf1 e5 24. Rhg1 f4 25. Kd2 f3 26. Rf2 e4 27. Nce3 dxe3+
28. Kxe3 Be5 29. Rd2 Bd4+ 30. Kf4 Bxg1 31. dxe4 f2 32. e5 Ne8 33. Kxg4 Rh7 34.
h4 Ke6 35. Kf4 Rh5 36. Re2 Rf5+ 37. Kg4 Rxe5 38. Rxe5+ Kxe5 39. h5 Nf6+ 40. Kg5
Rg8+ 41. Kh6 Ne4 42. Kh7 Rxg3 43. h6 Nf6+ 44. Kh8 Rg8# 0-1

[Event "7. Arber-Open Bodenmais 2018"]
[Site "Bodenmais"]
[Date "2018.08.05"]
[Round "9.1"]
[White "Prusikin, Michael"]
[Black "Milov, Leonid"]
[Result "1/2-1/2"]
[WhiteElo "2516"]
[BlackElo "2469"]
[PlyCount "29"]
[EventDate "2018.??.??"]
[WhiteTeam "BCA Augsburg"]
[BlackTeam "SC NT NÃ¼rnberg"]

1. Nf3 d5 2. c4 c6 3. e3 Bg4 4. h3 Bxf3 5. Qxf3 Nf6 6. d4 e6 7. Nc3 Bb4 8. Bd3
O-O 9. O-O Nbd7 10. Bd2 Nc5 11. dxc5 dxc4 12. Bxh7+ Nxh7 13. Rfd1 Bxc5 14. Ne4
Ng5 15. Nxg5 1/2-1/2

[Event "7. Arber-Open Bodenmais 2018"]
[Site "Bodenmais"]
[Date "2018.08.05"]
[Round "9.2"]
[White "Pap, Misa"]
[Black "Miesbauer, Jan"]
[Result "0-1"]
[WhiteElo "2473"]
[BlackElo "2282"]
[PlyCount "100"]
[EventDate "2018.??.??"]
[WhiteTeam "SF Augsburg"]
[BlackTeam "SC Bayerwald"]

1. e4 e5 2. Nf3 Nc6 3. Bc4 Bc5 4. O-O d6 5. c3 Nf6 6. b4 Bb6 7. d3 O-O 8. a4 a5
9. b5 Ne7 10. Nbd2 Ng6 11. Ba2 c6 12. Nc4 Bc7 13. Ba3 Re8 14. Ne3 h6 15. Qc2 d5
16. Rfe1 Bd6 17. Bxd6 Qxd6 18. c4 dxe4 19. c5 Qxd3 20. Qxd3 exd3 21. Nc4 Bg4
22. Nd6 Re7 23. Nd2 Nf4 24. f3 Be6 25. Bxe6 Nxe6 26. Rac1 Rd8 27. Nf5 Red7 28.
Rxe5 Nd4 29. Nxd4 Rxd4 30. Re7 R8d7 31. Rxd7 Nxd7 32. Kf2 Rxa4 33. bxc6 bxc6
34. Ke3 Ra3 35. Kd4 Kf8 36. g4 f6 37. h4 Ne5 38. h5 Kf7 39. Rb1 Ke6 40. Rb7 Ra2
41. Ke3 Kd5 42. Rxg7 Nc4+ 43. Nxc4 Kxc4 44. f4 Re2+ 45. Kf3 Re8 46. g5 fxg5 47.
fxg5 hxg5 48. h6 d2 49. Rd7 Kc3 50. h7 Kc2 0-1

[Event "7. Arber-Open Bodenmais 2018"]
[Site "Bodenmais"]
[Date "2018.08.05"]
[Round "9.4"]
[White "Schelle, Artur"]
[Black "Meijers, Viesturs"]
[Result "1/2-1/2"]
[WhiteElo "2206"]
[BlackElo "2458"]
[PlyCount "134"]
[EventDate "2018.??.??"]
[WhiteTeam "SC Tarr MÃ¼nchen"]
[BlackTeam "ESV NickelhÃ¼tte Aue"]

1. g3 e5 2. Bg2 d5 3. d3 Nf6 4. Nf3 Nc6 5. O-O h6 6. c3 Bd6 7. Qc2 Bf5 8. Nbd2
Qd7 9. e4 Bh3 10. Re1 Bxg2 11. Kxg2 dxe4 12. dxe4 Qe6 13. Qb3 Qxb3 14. axb3 a6
15. Nc4 O-O-O 16. b4 Rhe8 17. Nfd2 Bf8 18. Nb3 Rd7 19. f3 Rd3 20. Be3 Nb8 21.
Rad1 Rxd1 22. Rxd1 b6 23. Kf2 Re6 24. Ke2 Ne8 25. Bf2 Nd6 26. Nbd2 Nxc4 27.
Nxc4 Re8 28. g4 Nc6 29. Ra1 Kb7 30. Bg3 f6 31. h4 Nd8 32. h5 Ne6 33. Ne3 c5 34.
bxc5 Bxc5 35. Nd5 a5 36. Bf2 Bxf2 37. Kxf2 Kc6 38. Ne3 Rd8 39. Nd5 Nf4 40. Nxf4
exf4 41. Ke2 Kc5 42. b3 Rd7 43. Ra4 Ra7 44. Rd4 b5 45. Rd5+ Kc6 46. Kd3 a4 47.
bxa4 bxa4 48. Kc2 a3 49. Kb1 a2+ 50. Ka1 Ra3 51. Rf5 Rxc3 52. Rxf4 Rc2 53. Rf5
Kd6 54. Ra5 Rf2 55. Ra7 Rxf3 56. Rxg7 Rf2 57. Rg6 Ke5 58. Rxh6 Kxe4 59. Rg6 Ke5
60. g5 f5 61. h6 Rh2 62. Rg7 f4 63. h7 Kf5 64. g6 f3 65. Rg8 f2 66. Rf8+ Kxg6
67. Rxf2 Rxh7 1/2-1/2

[Event "7. Arber-Open Bodenmais 2018"]
[Site "Bodenmais"]
[Date "2018.08.05"]
[Round "9.5"]
[White "Melamed, Tatjana"]
[Black "Lorenc, Tomas"]
[Result "1-0"]
[WhiteElo "2386"]
[BlackElo "2208"]
[PlyCount "107"]
[EventDate "2018.??.??"]
[WhiteTeam "AE Magdeburg"]
[BlackTeam "SC Waldsassen"]

1. e4 d5 2. exd5 Qxd5 3. Nc3 Qa5 4. d4 Nf6 5. Nf3 Bg4 6. h3 Bh5 7. g4 Bg6 8.
Ne5 e6 9. h4 Nbd7 10. Nc4 Qa6 11. Rh3 Bb4 12. h5 Bxc3+ 13. bxc3 Be4 14. g5 Ng8
15. a4 Qc6 16. Ne5 Qd6 17. Ba3 c5 18. Bb5 Bc6 19. Bxc6 bxc6 20. Nxd7 Qxd7 21.
Bxc5 Ne7 22. Rb1 O-O 23. h6 e5 24. hxg7 Qxh3 25. gxf8=Q+ Rxf8 26. Bxe7 Re8 27.
Rb7 Qxc3+ 28. Qd2 Qa1+ 29. Ke2 Qxa4 30. Qd3 exd4 31. Kf3 c5 32. Qe4 Qa6 33. Bf6
Rf8 34. Qe7 Qc6+ 35. Kg3 Qc8 36. Rc7 Qb8 37. Be5 Qb1 38. Qf6 Qg1+ 39. Kh3 Qh1+
40. Bh2 Qf1+ 41. Kg4 Qg2+ 42. Bg3 Qe4+ 43. Kh5 Qxc2 44. Kh6 Qg6+ 45. Qxg6+ hxg6
46. Rxc5 Ra8 47. Bc7 Rc8 48. Rd5 Kf8 49. Bd6+ Ke8 50. Rxd4 Rc2 51. f4 Rh2+ 52.
Kg7 a5 53. Re4+ Kd7 54. Bf8 1-0

[Event "7. Arber-Open Bodenmais 2018"]
[Site "Bodenmais"]
[Date "2018.08.05"]
[Round "9.6"]
[White "Wacker, Felix"]
[Black "Puschendorf, Steffen"]
[Result "0-1"]
[WhiteElo "1956"]
[BlackElo "2153"]
[PlyCount "70"]
[EventDate "2018.??.??"]
[WhiteTeam "SC Lambsheim"]
[BlackTeam "ESV Gera"]

1. e4 e6 2. d4 d5 3. Nd2 Nf6 4. e5 Nfd7 5. Bd3 c5 6. c3 Nc6 7. Ne2 cxd4 8. cxd4
f6 9. exf6 Qxf6 10. Nf3 Bd6 11. O-O O-O 12. Bg5 Qf7 13. Be3 h6 14. Rc1 e5 15.
dxe5 Ndxe5 16. Nxe5 Nxe5 17. Ng3 Bg4 18. Be2 Bxe2 19. Qxe2 Nc4 20. Bd4 Rae8 21.
Qd3 Bf4 22. Rc2 b6 23. Rd1 Nd6 24. Bc3 Ne4 25. Bb4 Bxg3 26. f3 Bd6 27. Bxd6
Nxd6 28. Qxd5 Re1+ 29. Kf2 Rxd1 30. Qxd1 Ne4+ 31. Kg1 Nc5 32. b4 Ne6 33. Rd2
Re8 34. Qb3 Rd8 35. Re2 Nd4 0-1

[Event "7. Arber-Open Bodenmais 2018"]
[Site "Bodenmais"]
[Date "2018.08.05"]
[Round "9.7"]
[White "Hoffmann, Sebastian"]
[Black "Gschwendtner, Stanislav"]
[Result "1-0"]
[WhiteElo "2174"]
[BlackElo "2032"]
[PlyCount "129"]
[EventDate "2018.??.??"]
[WhiteTeam "SC NT NÃ¼rnberg"]
[BlackTeam "SC Bayerwald"]

1. e4 c5 2. c3 Nf6 3. e5 Nd5 4. d4 cxd4 5. Nf3 Nc6 6. Bc4 Nb6 7. Bb3 d5 8. exd6
Qxd6 9. O-O g6 10. Ng5 Nd8 11. Qf3 f6 12. Ne4 Qc6 13. Qe2 d3 14. Qxd3 Bf5 15.
Re1 Ne6 16. Qe2 Bxe4 17. Qxe4 Qxe4 18. Rxe4 Nc5 19. Rd4 e5 20. Rd1 Rd8 21.
Rxd8+ Kxd8 22. Bc2 f5 23. f3 Bg7 24. Be3 Ne6 25. Na3 Ke7 26. Bb3 Rd8 27. Nb5
Rd3 28. Bf2 a6 29. Bxb6 axb5 30. Rd1 Nf4 31. Bc5+ Kd7 32. Kf1 Kc6 33. Ba3 Bh6
34. Rxd3 Nxd3 35. Bg8 e4 36. fxe4 fxe4 37. Bxh7 Ne5 38. Ke2 e3 39. Bg8 Nc4 40.
Bb4 Nxb2 41. Bf7 Na4 42. Bxg6 Kd5 43. Bd3 Bg7 44. Bxb5 Bxc3 45. Bxa4 Bxb4 46.
Kxe3 Bc5+ 47. Kf3 Ke5 48. Kg4 Kf6 49. Kh5 Kg7 50. Bc2 Bd6 51. h3 Bg3 52. h4 Kh8
53. Kg4 Be1 54. Kh3 Kg7 55. g4 Kh6 56. g5+ Kh5 57. Bd1+ Kg6 58. Kg4 Bd2 59. h5+
Kg7 60. Bc2 Bc1 61. h6+ Kh8 62. Kh5 Bd2 63. g6 Bc1 64. g7+ Kg8 65. Kg6 1-0

[Event "7. Arber-Open Bodenmais 2018"]
[Site "Bodenmais"]
[Date "2018.08.05"]
[Round "9.8"]
[White "Jergler, Karl-Heinz"]
[Black "Wuest, Hans-Heiner"]
[Result "1/2-1/2"]
[WhiteElo "2152"]
[BlackElo "2026"]
[PlyCount "33"]
[EventDate "2018.??.??"]
[WhiteTeam "SC Rottal-Inn"]
[BlackTeam "SV Walldorf"]

1. e4 c5 2. c3 d5 3. exd5 Qxd5 4. d4 Nf6 5. Nf3 e6 6. Bd3 Be7 7. O-O O-O 8. Be3
Nc6 9. a3 b6 10. Qe2 Bb7 11. Rd1 Qh5 12. Nbd2 cxd4 13. Nxd4 Qxe2 14. Bxe2 Nd5
15. Nxc6 Bxc6 16. Bf3 Rac8 17. Bd4 1/2-1/2

[Event "7. Arber-Open Bodenmais 2018"]
[Site "Bodenmais"]
[Date "2018.08.05"]
[Round "9.9"]
[White "Pitica, Silviu Valentin"]
[Black "Hein, Ralf"]
[Result "1-0"]
[WhiteElo "2149"]
[BlackElo "2048"]
[PlyCount "63"]
[EventDate "2018.??.??"]
[WhiteTeam "ITALIEN"]
[BlackTeam "SC Diogenes"]
[WhiteTeamCountry "ITA"]

1. d4 d5 2. c4 Nf6 3. cxd5 Qxd5 4. Nc3 Qa5 5. Nf3 e6 6. Bd2 c6 7. e4 Qd8 8. e5
Nd5 9. Bd3 Nd7 10. O-O Be7 11. a3 O-O 12. Qc2 h6 13. Rfe1 Nxc3 14. Qxc3 Nb6 15.
Rad1 f5 16. exf6 Rxf6 17. Bc2 Nd7 18. Ne5 Nf8 19. Re3 Bd6 20. Rh3 Qc7 21. Ng4
Rf7 22. Bxh6 Bf4 23. Bxf4 Qxf4 24. Qg3 Qg5 25. Rh4 e5 26. Bb3 Be6 27. Bxe6 Nxe6
28. Qh3 Rf4 29. Rh8+ Kf7 30. Nxe5+ Ke7 31. Rxa8 Nxd4 32. Qd7+ 1-0

[Event "7. Arber-Open Bodenmais 2018"]
[Site "Bodenmais"]
[Date "2018.08.05"]
[Round "9.10"]
[White "Eizenhammer, Peter"]
[Black "Beulertz, Stefan"]
[Result "1/2-1/2"]
[WhiteElo "2148"]
[BlackElo "1983"]
[PlyCount "35"]
[EventDate "2018.??.??"]
[WhiteTeam "SC Vilshofen"]
[BlackTeam "SC Werl 1981"]

1. e4 e6 2. d4 d5 3. Nd2 Nc6 4. Ngf3 Nf6 5. e5 Nd7 6. Bb5 a6 7. Bxc6 bxc6 8. c4
Be7 9. Qa4 Nb6 10. Qc2 dxc4 11. Nxc4 Nxc4 12. Qxc4 Qd5 13. Qxd5 cxd5 14. Be3 a5
15. O-O Ba6 16. Rfc1 Kd7 17. Ne1 Rhc8 18. Rc2 1/2-1/2

[Event "7. Arber-Open Bodenmais 2018"]
[Site "Bodenmais"]
[Date "2018.08.05"]
[Round "9.11"]
[White "Hohlfeld, Wolfgang"]
[Black "Schmahl, Stephan"]
[Result "1/2-1/2"]
[WhiteElo "2062"]
[BlackElo "2148"]
[PlyCount "54"]
[EventDate "2018.??.??"]
[WhiteTeam "SC Diogenes Hamburg"]
[BlackTeam "SC Bavaria Regensburg von 1881"]

1. d4 Nf6 2. Nf3 g6 3. g3 Bg7 4. Bg2 O-O 5. O-O d6 6. c4 Nbd7 7. Nc3 e5 8. e3
c6 9. b3 Qa5 10. Bb2 Re8 11. a3 Nf8 12. b4 Qc7 13. Rc1 Bg4 14. h3 Bxf3 15. Bxf3
Qd7 16. Bg2 h5 17. dxe5 dxe5 18. Qxd7 N8xd7 19. b5 e4 20. Na4 Bf8 21. Rfd1 cxb5
22. cxb5 Rac8 23. b6 axb6 24. Nxb6 Rxc1 25. Rxc1 Nxb6 26. Bxf6 Bxa3 27. Rb1 Nd7
1/2-1/2

[Event "7. Arber-Open Bodenmais 2018"]
[Site "Bodenmais"]
[Date "2018.08.05"]
[Round "9.12"]
[White "Meertens, Martin"]
[Black "Schleich, Theodor"]
[Result "1/2-1/2"]
[WhiteElo "2146"]
[BlackElo "1961"]
[PlyCount "82"]
[EventDate "2018.??.??"]
[WhiteTeam "Klub KÃ¶lner SF"]
[BlackTeam "MÃ¼nchener SC"]

1. e4 e6 2. d4 d5 3. e5 c5 4. c3 Nc6 5. Nf3 Bd7 6. a3 Qb6 7. b4 cxb4 8. cxb4
Rc8 9. Be2 Nge7 10. O-O Nf5 11. Be3 Be7 12. Qd2 f6 13. exf6 Bxf6 14. Rd1 O-O
15. Nc3 Ncxd4 16. Nxd4 Nxd4 17. Nxd5 Nxe2+ 18. Qxe2 Qd8 19. Nxf6+ Qxf6 20. Bd4
Qg6 21. Qd3 Qxd3 22. Rxd3 Rf7 23. Bxa7 b5 24. Bc5 Bc6 25. Rd6 Bd5 26. a4 bxa4
27. Rxa4 Rf4 28. h3 h6 29. Ra1 Rb8 30. Kf1 Rff8 31. Rd7 Rbd8 32. Rc7 Rc8 33.
Raa7 Rxc7 34. Rxc7 Rf7 35. Rc8+ Kh7 36. f3 e5 37. Ke2 e4 38. fxe4 Bxe4 39. g4
Bg2 40. Rf8 Rxf8 41. Bxf8 Bxh3 1/2-1/2

[Event "7. Arber-Open Bodenmais 2018"]
[Site "Bodenmais"]
[Date "2018.08.05"]
[Round "9.13"]
[White "Villani, Cristian"]
[Black "Kugelmann, Werner"]
[Result "0-1"]
[WhiteElo "2010"]
[BlackElo "2119"]
[PlyCount "136"]
[EventDate "2018.??.??"]
[WhiteTeam "SK Durlach"]
[BlackTeam "TSV Wertingen"]

1. Nf3 Nf6 2. g3 g6 3. Bg2 Bg7 4. O-O O-O 5. d3 d6 6. e4 e5 7. Nbd2 Nbd7 8. c3
b6 9. Re1 Nc5 10. Nc4 Bb7 11. b4 Ncd7 12. Bb2 Re8 13. Qb3 h6 14. Rad1 Qe7 15.
Ne3 a5 16. a3 axb4 17. axb4 Kh7 18. c4 Nf8 19. Ra1 c6 20. Rec1 Ne6 21. Bh3 Kg8
22. Ba3 Qc7 23. Rab1 Rab8 24. Qb2 Qd8 25. Rd1 Qe7 26. b5 c5 27. Ra1 Bc8 28. Qd2
Nd4 29. Nxd4 cxd4 30. Nd5 Nxd5 31. Bxc8 Nc3 32. Bh3 Nxd1 33. Qxd1 Ra8 34. Bb4
Red8 35. Ra6 Rxa6 36. bxa6 Bf8 37. Qa4 Qc7 38. Qb5 Ra8 39. f4 exf4 40. gxf4 Qa7
41. f5 Qxa6 42. fxg6 Qxb5 43. gxf7+ Kxf7 44. cxb5 Ra1+ 45. Kf2 Rb1 46. Bd2 Rxb5
47. Bd7 Rb2 48. Ke1 Kf6 49. Kd1 Ra2 50. Bc6 Ra7 51. Bf4 Ra2 52. Bd2 h5 53. h4
Ra1+ 54. Ke2 Kf7 55. Bd5+ Kg6 56. Bc6 Ra2 57. Be8+ Kh7 58. Kd1 Rxd2+ 59. Kxd2
Kh6 60. Kc2 Be7 61. Kb3 Bxh4 62. Kc4 Bf6 63. Kb5 Kg5 64. Kxb6 h4 65. e5 Bxe5
66. Bd7 Kf4 67. Kc6 Kg3 68. Kb5 h3 0-1

[Event "7. Arber-Open Bodenmais 2018"]
[Site "Bodenmais"]
[Date "2018.08.05"]
[Round "9.14"]
[White "Ilic, Andreas"]
[Black "Krejci, Vera Marie"]
[Result "1-0"]
[WhiteElo "1893"]
[BlackElo "1438"]
[PlyCount "69"]
[EventDate "2018.??.??"]
[WhiteTeam "DBSB"]
[BlackTeam "SK Rothenburg"]

1. e4 e6 2. Nc3 d5 3. Nf3 dxe4 4. Nxe4 Bd7 5. d4 Bc6 6. Bd3 Nd7 7. O-O Ngf6 8.
Qe2 Nxe4 9. Bxe4 Bxe4 10. Qxe4 c6 11. Bf4 Nf6 12. Qe2 Bd6 13. Ne5 O-O 14. Rfe1
Nd5 15. Bd2 Rc8 16. a3 c5 17. c4 Nf6 18. Bc3 Nd7 19. Rad1 Bxe5 20. dxe5 Qe7 21.
Qg4 Nb6 22. Bd2 f6 23. b3 f5 24. Qg3 Qc7 25. Bg5 a5 26. Rd6 Rfe8 27. Red1 a4
28. Bf6 g6 29. bxa4 Nxc4 30. Rd7 Qb6 31. Qh4 h5 32. Qg5 Nxe5 33. Bxe5 Red8 34.
Qxg6+ Kf8 35. Qf7# 1-0

[Event "7. Arber-Open Bodenmais 2018"]
[Site "Bodenmais"]
[Date "2018.08.05"]
[Round "9.15"]
[White "Witte, Ronald"]
[Black "Bensch, Patrick"]
[Result "1/2-1/2"]
[WhiteElo "2031"]
[BlackElo "2197"]
[PlyCount "33"]
[EventDate "2018.??.??"]
[WhiteTeam "BSV 63 Chemie WeiÃŸensee"]
[BlackTeam "SC Rottal-Inn"]

1. d4 Nf6 2. c4 g6 3. g3 c6 4. Bg2 d5 5. cxd5 cxd5 6. Nf3 Bg7 7. O-O O-O 8. Ne5
e6 9. Nc3 Nfd7 10. f4 f6 11. Nxd7 Bxd7 12. e4 dxe4 13. Nxe4 Bc6 14. Be3 Nd7 15.
Nc5 Bxg2 16. Kxg2 Nxc5 17. dxc5 1/2-1/2

[Event "7. Arber-Open Bodenmais 2018"]
[Site "Bodenmais"]
[Date "2018.08.05"]
[Round "9.16"]
[White "Rieling, Thomas"]
[Black "Rier, Guenter"]
[Result "1-0"]
[WhiteElo "2079"]
[BlackElo "1930"]
[PlyCount "73"]
[EventDate "2018.??.??"]
[WhiteTeam "SC Diogenes"]
[BlackTeam "SV MÃ¶dling"]

1. e4 e6 2. d4 d5 3. Nc3 h6 4. e5 c5 5. dxc5 Bxc5 6. Qg4 Kf8 7. Bd3 b6 8. h4
Ba6 9. Nb5 Nc6 10. Qf4 Bxb5 11. Bxb5 Nb4 12. Ba4 Rc8 13. Bd2 a5 14. a3 Nc6 15.
b4 Bd4 16. Rb1 Bxe5 17. Qe3 Qc7 18. Bxc6 d4 19. Qe2 Qxc6 20. Qxe5 Qxg2 21. Qh2
Qe4+ 22. Ne2 Ne7 23. f3 Qd5 24. Qf4 e5 25. Qe4 Qa2 26. Rc1 Qxa3 27. bxa5 bxa5
28. Qxe5 Nc6 29. Qd5 g6 30. Nxd4 Re8+ 31. Kf2 Ne5 32. Qxa5 Qb2 33. Qc5+ Kg8 34.
Qc3 Qb6 35. Bf4 Nc6 36. Rcd1 Na5 37. Bc7 1-0

[Event "7. Arber-Open Bodenmais 2018"]
[Site "Bodenmais"]
[Date "2018.08.05"]
[Round "9.17"]
[White "Uneken, Bert"]
[Black "Kolb, Wolfgang"]
[Result "0-1"]
[WhiteElo "1804"]
[BlackElo "2047"]
[PlyCount "64"]
[EventDate "2018.??.??"]
[WhiteTeam "Niederlande"]
[BlackTeam "SK KÃ¶nigsbrunn"]
[WhiteTeamCountry "NED"]

1. d4 Nf6 2. Nc3 e6 3. Bg5 h6 4. Bxf6 Qxf6 5. e3 d5 6. Qd3 Bd7 7. O-O-O Bb4 8.
f4 c5 9. Nge2 c4 10. Qd2 Na6 11. Qe1 Nc7 12. Qf2 Ba5 13. e4 O-O-O 14. Qf3 Bc6
15. exd5 exd5 16. g4 b5 17. Bh3 g5 18. Bg2 b4 19. Nb1 Rhe8 20. c3 Re7 21. Nd2
Rde8 22. Nxc4 dxc4 23. Qxc6 Qxc6 24. Bxc6 Rxe2 25. Bxe8 Rxe8 26. fxg5 hxg5 27.
Rhf1 bxc3 28. bxc3 Bxc3 29. Rxf7 Re2 30. d5 Bb2+ 31. Kb1 Nb5 32. Rc1 Na3# 0-1

[Event "7. Arber-Open Bodenmais 2018"]
[Site "Bodenmais"]
[Date "2018.08.05"]
[Round "9.18"]
[White "Froeschle, Andreas"]
[Black "Tong, Kevin"]
[Result "0-1"]
[WhiteElo "1869"]
[BlackElo "2180"]
[PlyCount "54"]
[EventDate "2018.??.??"]
[WhiteTeam "SV Unterkochen"]
[BlackTeam "SC Erlangen"]

1. e4 e5 2. Nf3 Nc6 3. Nc3 Nf6 4. d4 exd4 5. Nxd4 Bc5 6. Nxc6 bxc6 7. Bd3 d5 8.
exd5 cxd5 9. Bb5+ Bd7 10. O-O c6 11. Re1+ Be7 12. Bd3 O-O 13. Bg5 Rb8 14. Qf3
Rxb2 15. Nd1 Rb4 16. c3 Ra4 17. Bc2 Ra3 18. Bc1 Ra5 19. Ne3 g6 20. a4 Ra6 21.
Bb2 Rb6 22. Rab1 Be6 23. a5 Rb8 24. Red1 c5 25. Nc4 Bg4 26. Qf4 Bxd1 27. Rxd1
Qe8 0-1

[Event "7. Arber-Open Bodenmais 2018"]
[Site "Bodenmais"]
[Date "2018.08.05"]
[Round "9.20"]
[White "Fauth, Dietmar"]
[Black "Vennemann, Juergen"]
[Result "0-1"]
[WhiteElo "2112"]
[BlackElo "1887"]
[PlyCount "92"]
[EventDate "2018.??.??"]
[WhiteTeam "MÃ¼nchener SC"]
[BlackTeam "SC Hersbruck"]

1. e4 c6 2. d4 d5 3. exd5 cxd5 4. Bd3 Nc6 5. c3 Nf6 6. Bf4 e6 7. Nf3 Nh5 8. Be3
Bd6 9. Ne5 Nf6 10. f4 O-O 11. Nd2 Qc7 12. O-O Rd8 13. Qf3 b6 14. Qh3 Ne7 15.
Rae1 a5 16. Bf2 Ng6 17. Bg3 Ba6 18. Bxa6 Rxa6 19. f5 exf5 20. Qxf5 Raa8 21. h4
Qc8 22. Qf3 Ra7 23. h5 Nxe5 24. Bxe5 Bxe5 25. Rxe5 h6 26. Rfe1 Kf8 27. Nf1 Qg4
28. Nh2 Qh4 29. R1e3 Ne4 30. Qe2 f6 31. Re6 Rb7 32. Qf3 Ng5 33. Rxf6+ gxf6 34.
Qxf6+ Rf7 35. Qxd8+ Kg7 36. Qe8 Qf2+ 37. Kh1 Ne4 38. Qe5+ Kg8 39. Rf3 Qe1+ 40.
Nf1 Rxf3 41. Qe8+ Kg7 42. Qg6+ Kf8 43. gxf3 Qxf1+ 44. Kh2 Qf2+ 45. Kh3 Ng5+ 46.
Kg4 Qxf3+ 0-1

[Event "7. Arber-Open Bodenmais 2018"]
[Site "Bodenmais"]
[Date "2018.08.05"]
[Round "9.21"]
[White "Glaser, Max"]
[Black "Medunova, Vera"]
[Result "1/2-1/2"]
[WhiteElo "1812"]
[BlackElo "2101"]
[PlyCount "65"]
[EventDate "2018.??.??"]
[WhiteTeam "SC Furth WaldmÃ¼nchen"]
[BlackTeam "SK Rothenburg"]

1. e4 c5 2. Nf3 Nc6 3. d4 cxd4 4. Nxd4 e5 5. Nb5 d6 6. Bc4 Be6 7. Bd5 Bxd5 8.
Qxd5 Be7 9. Qd1 Nf6 10. N5c3 O-O 11. Bg5 Nxe4 12. Nxe4 Bxg5 13. Qxd6 Qxd6 14.
Nxd6 Nd4 15. Na3 Be7 16. Ndb5 a6 17. Nxd4 Bxa3 18. bxa3 exd4 19. Kd2 Rac8 20.
Rhb1 Rc7 21. Rb4 Rd8 22. Rab1 Rdd7 23. a4 Kf8 24. R1b3 Ke7 25. Rd3 h5 26. Rbxd4
Rxd4 27. Rxd4 Ke6 28. Kd3 g6 29. Rb4 Ke5 30. Re4+ Kd5 31. Rd4+ Ke5 32. Re4+ Kd5
33. Rd4+ 1/2-1/2

[Event "7. Arber-Open Bodenmais 2018"]
[Site "Bodenmais"]
[Date "2018.08.05"]
[Round "9.22"]
[White "Legemaat, Gerrit"]
[Black "Huhs, Sven"]
[Result "0-1"]
[WhiteElo "1946"]
[BlackElo "2034"]
[PlyCount "54"]
[EventDate "2018.??.??"]
[WhiteTeam "SV Doorn Driebergen"]
[BlackTeam "FG Wohlde"]

1. d4 Nf6 2. c4 g6 3. f3 d5 4. cxd5 Nxd5 5. e4 Nb6 6. Nc3 Bg7 7. Be3 O-O 8. Qd2
e5 9. d5 c6 10. Rd1 cxd5 11. Nxd5 Nxd5 12. exd5 Nd7 13. Ne2 e4 14. fxe4 f5 15.
exf5 Ne5 16. Ng3 Bxf5 17. Be2 Bg4 18. Rf1 Qh4 19. Rxf8+ Rxf8 20. Bg1 Re8 21.
Kf1 Rf8+ 22. Ke1 Bxe2 23. Qxe2 Qb4+ 24. Qd2 Nd3+ 25. Ke2 Nf4+ 26. Ke1 Nxg2+ 27.
Ke2 Qc4+ 0-1

[Event "7. Arber-Open Bodenmais 2018"]
[Site "Bodenmais"]
[Date "2018.08.05"]
[Round "9.23"]
[White "Huber, Florian"]
[Black "Khamenya, Vitalia"]
[Result "1/2-1/2"]
[WhiteElo "2007"]
[BlackElo "1770"]
[PlyCount "27"]
[EventDate "2018.??.??"]
[WhiteTeam "SK Landau-Dingolfing"]
[BlackTeam "SK GrÃ¤felfing"]

1. d4 d5 2. Nf3 Nf6 3. e3 e6 4. Bd3 c5 5. b3 Nc6 6. Bb2 Bd6 7. Nbd2 Qc7 8. c4
cxd4 9. exd4 O-O 10. O-O Bd7 11. Re1 Rad8 12. c5 Bf4 13. g3 Bh6 14. a3 1/2-1/2

[Event "7. Arber-Open Bodenmais 2018"]
[Site "Bodenmais"]
[Date "2018.08.05"]
[Round "9.25"]
[White "Zepke, Armin"]
[Black "Van Hoorebeke, Jimmy"]
[Result "1-0"]
[WhiteElo "2130"]
[BlackElo "1783"]
[PlyCount "97"]
[EventDate "2018.??.??"]
[WhiteTeam "SC Bayerwald"]
[BlackTeam "Belgien"]
[BlackTeamCountry "BEL"]

1. e4 c6 2. Nc3 d5 3. Nf3 Bg4 4. h3 Bxf3 5. Qxf3 e6 6. d3 dxe4 7. Nxe4 Be7 8.
Qg3 g6 9. Bf4 Qa5+ 10. c3 Nd7 11. Nd6+ Bxd6 12. Bxd6 O-O-O 13. Be2 Nh6 14. Bb4
Qe5 15. Qxe5 Nxe5 16. d4 Nd7 17. O-O-O Nb6 18. Be7 Rd7 19. Bf6 Re8 20. c4 Ng8
21. Bh4 e5 22. dxe5 Rxe5 23. Rxd7 Nxd7 24. Re1 f5 25. Kd2 Re4 26. Bg3 Ngf6 27.
f3 Re8 28. b4 Nh5 29. Bd6 f4 30. c5 g5 31. Bc4 Rxe1 32. Kxe1 Kd8 33. Kd2 Ke8
34. Kd3 Nhf6 35. Kd4 a6 36. a3 Kd8 37. Be6 Ke8 38. Bc4 Kd8 39. Bf7 Kc8 40. Be7
Kc7 41. Bxf6 Nxf6 42. Ke5 Nd7+ 43. Kf5 h6 44. Be6 Kd8 45. Bxd7 Kxd7 46. Kg6 Ke6
47. Kxh6 Kf6 48. Kh5 Kf5 49. h4 1-0